Deutsche Flüsse zu Mündung - Klick Quiz - Statistiken

Allgemein
  • Dieses Quiz wurde 114 mal gespielt
  • Das Durchschnittsergebnis liegt bei 19 aus 22
Antwortstatistiken
Hint Antwort % Korrekt
Inn Donau
98%
Isar Donau
97%
Ruhr Rhein
96%
Havel Elbe
95%
Alster Elbe
95%
Wupper Rhein
95%
Regen Donau
92%
Mosel Rhein
92%
Iller Donau
91%
Lech Donau
89%
Saale Elbe
88%
Main Rhein
88%
Neckar Rhein
86%
Sieg Rhein
85%
Schwarze Elster Elbe
83%
Lippe Rhein
82%
Lahn Rhein
80%
Elde Elbe
79%
Altmühl Donau
76%
Erft Rhein
67%
Eger Elbe
55%
Kinzig Rhein
46%
Keine übereinstimmenden Quizze gefunden
Verteilung der Resultate
Anzahl Personen mit jedem Resultat
Perzentil nach korrekt beantworteten Fragen
Ihre Resultats-Entwicklung
Sie haben dieses Quiz noch nicht gespielt